Wedi'i Gadw mewn:
Manylion Llyfryddiaeth
Prif Awdur: G.Alexit, S.Fenio
Fformat: Llyfr
Tagiau: Ychwanegu Tag
Dim Tagiau, Byddwch y cyntaf i dagio'r cofnod hwn!
Thư viện lưu trữ: Mạng thư viện Đại học Đà Nẵng
LEADER 00566nam a2200205 4500
001 000008529
003 4719
005 20150812140846.0
008 111019s sd
100 0 |a G.Alexit, S.Fenio 
245 |c Các phương pháp toán học trong hóa học 
774 |a G.Alexit, S.Fenio  |d Giáo dục  |d H.  |d 1979  |g T.1  |h 239tr  |w 4721 
OWN |a LSP 
999 |a From the UDN01 
TYP |a Monograph 
TYP |a Printed language 
980 |a Mạng thư viện Đại học Đà Nẵng